Vliv environmentální výkonnosti podniku na výkonnost ekonomickou
Pojem environmentálna výkonnosť a ekonomická výkonnosť. Vplyv environmentálnej výkonnosti na ekonomickú výkonnosť. Environmentálne indikátory ovplyvňujúce výkonnosť podniku.
Guardado en:
| Autor principal: | |
|---|---|
| Otros Autores: | |
| Formato: | Capítulo de libro |
| Lenguaje: | checo |
| Materias: | |
| Etiquetas: |
Sin Etiquetas, Sea el primero en etiquetar este registro!
|
MARC
| LEADER | 00000naa a2200000 4500 | ||
|---|---|---|---|
| 001 | 0165451 | ||
| 005 | 20231128131446.0 | ||
| 041 | 0 | |a cze | |
| 044 | |a CZ | ||
| 245 | 1 | 0 | |a Vliv environmentální výkonnosti podniku na výkonnost ekonomickou |c Markéta Klímková, Jana Hornungová |
| 520 | |a Pojem environmentálna výkonnosť a ekonomická výkonnosť. Vplyv environmentálnej výkonnosti na ekonomickú výkonnosť. Environmentálne indikátory ovplyvňujúce výkonnosť podniku. | ||
| 610 | 2 | 0 | |a politika environmentálna |
| 610 | 2 | 0 | |a prostredie životné |
| 610 | 2 | 0 | |a výkonnosť |
| 610 | 2 | 0 | |a výkony podnikové |
| 100 | 1 | |a Klímková, Markéta | |
| 700 | 1 | |a Hornungová, Jana | |